Statistics for 2021 Year in Review

Click here to take the quiz!

General Stats

  • This quiz has been taken 1,875 times
    (566 since last reset)
  • The average score is 9 of 19

Answer Stats

HintAnswer% Correct
The U.S. Capitol is attacked by rioters on January 6, in an attempt to disrupt this man's inevitable election defeat.Donald Trump
96%
This man becomes the richest in the world.Elon Musk
95%
A large cargo ship becomes lodged in this major waterway, causing billions in revenue loss.Suez Canal
77%
The threat of war looms in Eastern Europe as a Russian military build-up lines the border with this country.Ukraine
76%
This militant organisation regains power of Afghanistan following U.S. withdrawal from the country.Taliban
67%
This company projects $36 billion in vaccine revenue for 2021.Pfizer Inc.
58%
This new and highly contagious strain of COVID-19 spreads from South Africa to much of the world.Omicron
53%
A climate change conference is held in this Scottish city, aimed at reducing methane emissions among other climate threats.Glasgow
52%
243 people die in extreme flooding across Europe, with 239 of those in these two countries.Germany
50%
Prince Philip, Duke of Edinburgh dies in this castle, aged 99.Windsor Castle
46%
Jovenel Moise, the president of this nation, is assassinated, causing an influx of illegal immigrants to the U.S.Haiti
41%
243 people die in extreme flooding across Europe, with 239 of those in these two countries.Belgium
37%
A dispute over water access triggers a clash on the border of these two Central Asian countries (name either one).Kyrgyzstan and Tajikistan
33%
The president of this country survives an assassination attempt in the form of a drone strike.Iraq
30%
This Marvel Studios movie rockets to sixth highest ever in lifetime gross at the box office.Spider-Man: No Way Home
29%
This Belarusian president encourages refugees from the Middle East to enter the EU through its borders.Alexander Lukashenko
28%
Forces from this Ethiopian province see success in the country's civil war, causing speculation of the country's collapse.Tigray
13%
This trilateral security partnership is announced by the leaders of Australia, the UK, and the U.S.AUKUS
10%
Russian criminal hackers launch a major cyberattack on this U.S. gasoline pipeline.{Colonial} Pipeline
4%

Score Distribution

Percentile by Number Answered

Percent of People with Each Score

Your Score History

You have not taken this quiz since the last reset